Poklady Zorničky /

Other Authors: Ševčáková, Eva, Pifko, Henrich, 1932-
Language: Slovak
Published: Bratislava : Smena, 1969
Edition: 1. vyd.
Series: Zornička
Physical Description: 213 s. : il.
Book
Saved in:
LEADER 00724nam a22002412a 4500
001 001770011
003 CZ BrMZK
005 20201221084705.0
007 ta
008 200921s1969 xo a er|||||||||||slo d
040 |a BOA001  |b cze  |e aacr2 
245 0 0 |a Poklady Zorničky /  |c zostavila Eva Ševčáková a Henrich Pifko 
250 |a 1. vyd. 
260 |a Bratislava :  |b Smena,  |c 1969 
300 |a 213 s. :  |b il. 
490 1 |a Zornička ;  |v zv. 1 
700 1 |a Ševčáková, Eva  |4 com 
700 1 |a Pifko, Henrich,  |d 1932-  |7 ola2002152586  |4 com 
830 0 |a Zornička 
910 |a BOA001  |b 3-0631.663 
990 |a BK 
991 |b 202009 
996 7 |b 2618850596  |c 3-0631.663  |l MZK  |r Sklad / do 1 hodiny  |n 0  |w 001827712  |u 000010  |a 1  |e BOA001  |j MZK50  |s A